Statistics for Latin Bases, Prefixes, and Suffixes

Click here to take the quiz!

General Stats

  • This quiz has been taken 52 times
    (49 since last reset)
  • The average score is 13 of 45

Answer Stats

HintAnswer% Correct
Contra, Counteragainst
74%
Ambiboth, around
74%
Obtoward, against, face to face
74%
Nihilnothing
65%
Nulnothing
65%
Circumaround
59%
Antebefore, in front of
59%
Finend, limit
56%
Pedfoot
53%
Ex, E, Efout, from, completely
53%
Jur, Justright, law, take oath, form opinion
53%
Con, Com, Cowith, together, very
53%
Verbword, verb
47%
Firmfirm, strong
44%
Cruccross
41%
Fortstrong
41%
Artart, skill
38%
Partpart
35%
Sacrholy
32%
Ad, Acto, toward
32%
Ab, A, Absaway, from
24%
Dedown, off, thoroughly
18%
Grangreat
18%
Loqu, Locutto speak
18%
Lineline
15%
Extra, Extrooutside, beyond
15%
Ced, Cessto go, to yield
15%
Dis, Di, Difapart, in different directions
12%
Gravheavy
12%
Vent, Vento come
12%
Levlight, to lift
9%
Perthrough, wrongly, completely
9%
Pung, Punctto prick, point
9%
Duct, Ducto lead
6%
Facto make
6%
Judicjudgement
3%
Aptto fit
3%
Sedto sit
3%
Gregflock, herd
0%
Vestgarment
0%
Alienof another
0%
Hab, Abto have, to hold as, customary
0%
Lud, Lusto play, mock
0%
Trud, Trusto push, thrust
0%
Precto request, beg, prayer
0%

Score Distribution

Percentile by Number Answered

Percent of People with Each Score

Your Score History

You have not taken this quiz since the last reset